01003nam a2200205 a 450000500170000000800410001702000180005805000300007610000320010624501290013826000510026730000170031850000350033552001220037065000460049265000480053865000640058699900190065095201280066920140412111310.0020528s19uu xx 00 eng d a1-885593-02-3 aTR(GS 500.2'078bH38 1997 aHauser, Jill Frankel, 1950- aSuper Science concoctions :b50 mysterious mixtures for fabulous fun /cJill Frankel Hauser; illustrations by Michael Kline. aCharlotte, VT :bWilliamson Publishing,c1997. a160 p.; ill. a"A Williamson Kids can! book." aOver 75 safe, inexpensive science experiments with mixtures thta illustrate changes in form and chemical composition. aSciencexExperimentsxJuvenile literature aMixturesxExperimentsxJuvevnile literature aPhase rule and equilibrumxExperimentsxJuvenile literature c103924d103924 001040aELbELcTRd2002-05-28eLib. Fundg465.00l0oTR(GS 500.2'078 H38 1997pE6111r2014-04-12 00:00:00w2014-04-12yBK